000 00675nam a2200289Ia 4500
005 20260324131342.0
008 008 260324s9999 xx 000 0 eng d
020 _a9781003209409
037 _aEBOOK
040 _aCRL
040 _beng
040 _cCRL
041 _2eng
041 _aeng
084 _qCRL
100 _aJulio Noboa
_91185192
245 0 _aLeaving Latinos Out of History
245 0 _bTeaching US History in Texas
260 _bTaylor and Francis
260 _c2006
365 _a
365 _b265
856 _uhttp://www.taylorfrancis.com/books/9781003209409
942 _cEBOOK
999 _c1782253
_d1782253